000 00999aam a2200301 i 4500
001 14718
003 CO-MdBIC
005 20211002090840.0
008 211002t2008 ck ||||| |||| 00| 0 eng d
020 _a978-958-677-376-8
040 _bspa.
_aCO-MdFUSB
_cCO-MdFUSB
_dCO-MdFUSBC
_erda
041 _aspa
082 0 4 _aR 410 E487c
245 1 0 _aCiencia del idioma y arte gramatical / Gustavo de Elorza Martínez, Editor
_c/
260 _aBogotá : Zamora
264 1 _aBogotá, Colombia :
_bZamora,
_c[2008]
264 4 _c© 2008
300 _c;
336 _2rdacontent
_atexto
_btxt
337 _2rdamedia
_asin mediación
_bn
338 _2rdacarrier
_avolumen
_bnc
505 0 0 _aTomo I Competencia lingüística Tomo II Competencia escritora y Sistemas de comprensión Tomo III Competencia literaria Tomo IV Competencia ortográfica Tomo V Competencia comunicativa
653 _aCiencia del idioma
653 _aArte
653 _aGramatical
942 _cBK
945 _aEstudiante
999 _c43563
_d43563